Nobel Peace Prize Winners - Picture Quiz - Statistics

General Stats
  • This quiz has been taken 52 times
  • The average score is 11 of 20
Answer Stats
Picture Answer % Correct
Martin Luther King Jr.
98%
Nelson Mandela
96%
Mikhail Gorbachev
91%
Dalai Lama
89%
Mother Teresa
87%
Al Gore
81%
Theodore Roosevelt
72%
Kofi Annan
70%
Desmond Tutu
66%
Malala Yousafzai
55%
Lech Walesa
53%
Aung San Suu Kyi
38%
Willy Brandt
38%
Albert Schweitzer
34%
Linus Pauling
30%
George C. Marshall
19%
Muhammad Yunus
15%
Bertha von Suttner
13%
Denis Mukwege
13%
Henry Dunant
11%
No matching quizzes found
Score Distribution
Percent of People with Each Score
Percentile by Number Answered
Your Score History
You have not taken this quiz